00572nam a2200193Ia 4500008004100000020001900041100001800060245002800078245002100106260001500127260002000142260000900162300002800171300002700199300001000226440005700236500007700293700000800370160803s9999 xx 000 0 und d a978-0060539603 aMayer, Mercer 4aThe best teacher ever/  cby Mercer Mayer. aNew York : bScholastic Inc. c2010 a[23] unnumberd pages :  bcolor illustrations ;  c21 cm aThe new adventures of Mercer Mayer's Little Critter. aOriginally published: New York : Harper Collins Children's Books, c2008. a390